| 000 | 00937nam a2200205 i 4500 | ||
|---|---|---|---|
| 001 | 169860 | ||
| 003 | ES-MaACL | ||
| 005 | 20230906214225.0 | ||
| 008 | 081209s1834 fr |||| | fre d | ||
| 100 | 1 |
_aCollin d'Harleville, Jean-François. _9139055 |
|
| 245 | 1 | 0 |
_aOeuvres de Collin d'Hauteville _b: précédées d'un fragment sur sa vie, écrit par lui-même. |
| 260 |
_aParis : _bLebigre Frères, _c1834 ( _eImp. de Marchand du Breuil) |
||
| 300 |
_a2 v. ; _c14 cm. |
||
| 500 | _aTomos I y II: faltos de port. | ||
| 500 | _aTomo I: faltan p.7-10. | ||
| 500 | _aÍndices. | ||
| 505 | 8 | _aContiene: V.1: t. I. L'Inconstant ; L'Optimiste ; Monsieur de Crac.- t. II. Les chateaux en Espagne ; Le vieux célibataire. -- V.2 : t. III. Les moeurs du jour ; Le vieillard et les jeunes gens.- t. IV. Poésies fugitives. | |
| 597 | _a4 tomos en 2 v. | ||
| 852 | 4 |
_aES-MaACL _jE-12328-9 _9R.190473 _z- Biblioteca Jacinto Martínez Lacalle |
|
| 999 |
_c169860 _d169860 |
||